000 01899cam a22004934i 4500
003 PE-LiUPU
005 20250731173547.0
008 150616s r 000 0 d
020 _a1555402496
035 _a(Sirsi) i9781555402495
040 _aPE-LiUPU
_bspa
_cPE-LiUPU
_erda
049 _aPRUA
082 0 4 _a221.066
_bS79
_221
100 1 _aExum, J. Cheryl,
_eautor.
245 1 0 _aSigns and Wonders :
_bBiblical Texts in Literary Focus /
_cJ. Cheryl Exum.
264 1 _aUSA :
_bScholars Press,
_c1989.
300 _a247 páginas ;
_c21 centímetros
336 _atext
_2rdacontent
337 _aunmediated
_2rdamedia
338 _avolume
_2rdacarrier
490 0 _aThe Society of Biblical Literature. Semeia Studies
504 _aBibliografía al final de cada capítulo.
505 0 _aNarrative techniques and simbolic transactions in the Akedah.- "On the mount of the lord there is vision" a respone (sic.) to Francis Landy concerning of Akedah.- The tragic vision and biblical narrative: the case of Jephthah.- The story of Jephthah and the tragic vision a response to J. Cheryl Exum.- etc.
526 _aSEG42
526 _aSEG41
526 _aSEG40
526 _aSEG39
526 _aP94
526 _aP87
526 _aP86
526 _aP85
526 _aP77
526 _aP76
526 _aP35
630 _aBiblia como literatura.
630 _aBiblia.
_pA.T.
_xCrítica, interpretación, etc.
910 _ajck
_bjvq
_cjck
942 _2ddc
_cBOOK
949 _a221.066 S79
_wDEWEY
_c1
_i42906
_lCCODEBUL1
_mBUL
_r0
_sY
_tBOOK
_u2015-6-16
_xTEOLOGIA
_PP35
_0COMPRA
_o.STAFF. Colección General
994 _aC0
_bPEPRU
596 _a1
999 _a221.066 S79
_wDEWEY
_c60874
_i42906
_f2021-11-9
_g5
_lCCODEBUL1
_mBUL
_r0
_sY
_tBOOK
_u2015-6-16
_xTEOLOGIA
_PP35
_0COMPRA
_o.STAFF. Colección General
_d60874
980 _81
_gALBERTO SANCHEZ Responsable de Automatización